Computer concepts
COMPUTER Concepts is Paradigm's textbook for introduction to computers courses. With this text students will learn the computer skills they need to succeed in their academic and professional lives. The text provides comprehensive coverage of computer concepts-including hardware, software, the I...
Bewaard in:
| Hoofdauteur: | |
|---|---|
| Formaat: | Boek |
| Taal: | Undetermined |
| Gepubliceerd in: |
Minnesota
EMC Paradigm
1997
|
| Onderwerpen: | |
| Tags: |
Voeg label toe
Geen labels, Wees de eerste die dit record labelt!
|
| Thư viện lưu trữ: | Trung tâm Học liệu Trường Đại học Cần Thơ |
|---|
| LEADER | 00989nam a2200205Ia 4500 | ||
|---|---|---|---|
| 001 | CTU_186752 | ||
| 008 | 210402s9999 xx 000 0 und d | ||
| 020 | |c 3 | ||
| 082 | |a 004 | ||
| 082 | |b S548 | ||
| 100 | |a Shepherd, Robert D. | ||
| 245 | 0 | |a Computer concepts | |
| 245 | 0 | |c Robert D. Shepherd | |
| 260 | |a Minnesota | ||
| 260 | |b EMC Paradigm | ||
| 260 | |c 1997 | ||
| 520 | |a COMPUTER Concepts is Paradigm's textbook for introduction to computers courses. With this text students will learn the computer skills they need to succeed in their academic and professional lives. The text provides comprehensive coverage of computer concepts-including hardware, software, the Internet, social media, security, and ethics. Challenging end-of-chapter exercises move students from simple recall to advanced thinking and analysis of IT issues. | ||
| 650 | |a Computers,Computer literacy,Tin học,Máy tính | ||
| 904 | |i Trúc | ||
| 980 | |a Trung tâm Học liệu Trường Đại học Cần Thơ | ||